[Event "31st Trumpeter Classic"]
[Site "Grande Prairie"]
[Date "2014.06.08"]
[Round "4"]
[White "Sequillion, Aaron"]
[Black "Gardner, Robert"]
[Result "1/2-1/2"]
[WhiteElo "2168"]
[BlackElo "2294"]
[PlyCount "148"]
[EventDate "2014.06.07"]
[EventType "swiss"]
[EventRounds "5"]
[EventCountry "CAN"]

1. e4 g6 2. d4 Bg7 3. Nc3 d6 4. h4 h5 5. Be3 Nd7 6. Qd2 c5 7. O-O-O cxd4 8.
Bxd4 Ngf6 9. f4 Nb6 10. Nf3 Be6 11. Ng5 Bg4 12. Be2 Bxe2 13. Qxe2 O-O 14. f5
Qc8 15. Rhf1 Qc4 16. Qf3 Ng4 17. b3 Qa6 18. Bxg7 Nh2 19. Qf4 Nxf1 20. Bxf8 Qa3+
21. Kb1 Nc4 22. Na4 Nfe3 23. fxg6 f6 24. Rd4 b5 25. Rxc4 Nxc4 26. Qc1 Qxc1+ 27.
Kxc1 Rxf8 28. Ne6 Rc8 29. Nc3 Ne3 30. Kd2 b4 31. Nd5 Nxd5 32. exd5 Rc3 33. Nd4
Rg3 34. Nc6 Rxg2+ 35. Kd3 Kf8 36. Nxb4 Rxg6 37. Nc6 Rg4 38. Nxa7 Ke8 39. a4 Kd7
40. a5 e6 41. dxe6+ Kxe6 42. a6 Kd5 43. Nc8 Rg3+ 44. Kd2 Kc6 45. a7 Kb7 46.
Nxd6+ Kxa7 47. Ne4 Rf3 48. Ke2 Rf4 49. Ke3 Rxh4 50. Nxf6 Kb6 51. Kf3 Kb5 52.
Kg3 Rh1 53. Kg2 Rc1 54. c4+ Kb4 55. Nxh5 Kxb3 56. Kf3 Kxc4 57. Nf4 Re1 58. Ne2
Ra1 59. Ke3 Ra8 60. Ke4 Re8+ 61. Kf3 Rf8+ 62. Ke4 Re8+ 63. Kf3 Kd5 64. Nf4+ Ke5
65. Nd3+ Kf5 66. Nf4 Re4 67. Ne2 Ra4 68. Ke3 Ke5 69. Kd3 Rh4 70. Nc3 Rd4+ 71.
Ke3 Rd8 72. Ne2 Ra8 73. Nc3 Rh8 74. Kd3 Rh3+ 1/2-1/2

[Event "2014 AB Seniors Over 50"]
[Site "Calgary"]
[Date "2014.06.14"]
[Round "1"]
[White "Scholz, Mike"]
[Black "Usselman, Paul"]
[Result "0-1"]
[WhiteElo "1377"]
[BlackElo "1891"]
[PlyCount "56"]
[EventDate "2014.06.14"]
[EventType "swiss"]
[EventRounds "5"]
[EventCountry "CAN"]

1. Nf3 Nf6 2. Nc3 d5 3. d4 e6 4. e3 Nbd7 5. Bd3 c5 6. O-O a6 7. Be2 Bd6 8. dxc5
Nxc5 9. b4 Nce4 10. Qd4 Qc7 11. Bb2 O-O 12. a3 Rd8 13. g3 b5 14. Qd3 Bb7 15.
Nd4 Nxc3 16. Bxc3 Rac8 17. Bb2 e5 18. Nf5 Bf8 19. Rac1 g6 20. Nh4 Bg7 21. Qd2
Ne4 22. Qe1 Qd7 23. Bf3 Ng5 24. Bg2 Rc4 25. Nf3 Nxf3+ 26. Bxf3 e4 27. Bxg7 exf3
28. Bd4 Qh3 0-1

[Event "2014 AB Seniors Over 50"]
[Site "Calgary"]
[Date "2014.06.14"]
[Round "2"]
[White "Sklenka, Steve"]
[Black "Daniluk, Jim"]
[Result "0-1"]
[WhiteElo "1452"]
[BlackElo "1962"]
[PlyCount "54"]
[EventDate "2014.06.14"]
[EventType "swiss"]
[EventRounds "5"]
[EventCountry "CAN"]

1. d4 Nf6 2. c4 Nc6 3. Nf3 e6 4. Nc3 Bb4 5. Bg5 h6 6. Bxf6 Bxc3+ 7. bxc3 Qxf6
8. e4 d6 9. Rb1 O-O 10. Bd3 e5 11. Bc2 exd4 12. cxd4 Bg4 13. Qd3 Bxf3 14. e5
Qg6 15. Qxg6 fxg6 16. gxf3 Nxd4 17. Be4 Rae8 18. Bd5+ Kh7 19. Rxb7 c6 20. Be4
Rxe5 21. Kd1 d5 22. cxd5 cxd5 23. Bb1 Nxf3 24. Rxa7 Rb8 25. Bc2 Rbe8 26. Rf7
Re1+ 27. Rxe1 Rxe1# 0-1

[Event "2014 AB Seniors Over 50"]
[Site "Calgary"]
[Date "2014.06.14"]
[Round "3"]
[White "Usselman, Paul"]
[Black "Sklenka, Steve"]
[Result "0-1"]
[WhiteElo "1891"]
[BlackElo "1452"]
[PlyCount "98"]
[EventDate "2014.06.14"]
[EventType "swiss"]
[EventRounds "5"]
[EventCountry "CAN"]

1. d4 d5 2. Nf3 e6 3. c4 c6 4. e3 Nf6 5. Nc3 Be7 6. Bd3 dxc4 7. Bxc4 O-O 8. O-O
a6 9. a4 Nbd7 10. e4 h6 11. Qe2 Qc7 12. e5 Nd5 13. Ne4 c5 14. Bxd5 exd5 15.
Nxc5 Nxc5 16. dxc5 Bxc5 17. Bf4 Be6 18. Rac1 Qe7 19. h3 Rfc8 20. Rfd1 Rc7 21.
Qd3 Rac8 22. Rc2 Qd7 23. g4 Bxg4 24. e6 Bxe6 25. Bxc7 Qxc7 26. Nd4 Qf4 27. Nxe6
fxe6 28. Qg6 Rc6 29. Kg2 e5 30. Qg4 Qf7 31. Kf1 e4 32. Qe2 Bxf2 33. Rxc6 Bc5+
34. Kg2 bxc6 35. Rf1 Qg6+ 36. Kh1 Qe6 37. Kg2 Qg6+ 38. Kh1 Qg3 39. Qh5 Bd4 40.
Qf7+ Kh7 41. Qf5+ Qg6 42. Qxg6+ Kxg6 43. b4 Bc3 44. Rb1 e3 45. Kg2 e2 46. Kf2
e1=Q+ 47. Rxe1 Bxe1+ 48. Kxe1 Kf5 49. Kd2 Ke4 0-1

[Event "2014 AB Seniors Over 50"]
[Site "Calgary"]
[Date "2014.06.15"]
[Round "4"]
[White "Anderson, Mark"]
[Black "Milne, Arthur"]
[Result "0-1"]
[WhiteElo "1716"]
[BlackElo "1769"]
[PlyCount "72"]
[EventDate "2014.06.14"]
[EventType "swiss"]
[EventRounds "5"]
[EventCountry "CAN"]

1. d4 a6 2. e4 b5 3. f3 Bb7 4. Be3 d6 5. c3 Nd7 6. Bd3 e5 7. d5 Be7 8. Qd2 Ngf6
9. Ne2 c6 10. dxc6 Bxc6 11. c4 Nc5 12. cxb5 Nxd3+ 13. Qxd3 Bxb5 14. Qd2 d5 15.
exd5 Nxd5 16. O-O Nxe3 17. Qxe3 O-O 18. Nbc3 Rc8 19. Kh1 Bc5 20. Qc1 Bd4 21.
Qb1 Bxc3 22. Nxc3 Bxf1 23. Qxf1 Qd2 24. Rb1 Rfd8 25. h3 Qc2 26. Ne4 f5 27. Nc3
Rd2 28. Qxa6 Rxc3 29. Qe6+ Kf8 30. Rg1 Rxf3 31. Kh2 Rff2 32. Kh1 Qd3 33. Rc1
Rf1+ 34. Kh2 Rxg2+ 35. Kxg2 Qe2+ 36. Kg3 Qf2# 0-1

[Event "2014 AB Seniors Over 50"]
[Site "Calgary"]
[Date "2014.06.15"]
[Round "5"]
[White "Milne, Arthur"]
[Black "Daniluk, Jim"]
[Result "0-1"]
[WhiteElo "1769"]
[BlackElo "1962"]
[PlyCount "95"]
[EventDate "2014.06.14"]
[EventType "swiss"]
[EventRounds "5"]
[EventCountry "CAN"]

1. c4 e5 2. b3 Bc5 3. Bb2 Nf6 4. e3 Nc6 5. Nc3 O-O 6. a3 a5 7. Qc2 Re8 8. Nge2
Bf8 9. Ng3 g6 10. Be2 Bg7 11. Bf3 h5 12. O-O h4 13. Nge4 h3 14. g3 d6 15. Nd5
Nxe4 16. Bxe4 f5 17. Bh1 Ne7 18. Rac1 c6 19. Nc3 Be6 20. Ne2 Nc8 21. d3 Qe7 22.
f4 g5 23. Rce1 Qf7 24. Qc3 a4 25. b4 gxf4 26. exf4 e4 27. Qxg7+ Qxg7 28. Bxg7
Kxg7 29. dxe4 Bxc4 30. Nd4 fxe4 31. Rf2 c5 32. Nf5+ Kf6 33. Ne3 Bb3 34. bxc5
dxc5 35. g4 Nd6 36. g5+ Kg6 37. Ng4 e3 38. Rxe3 Rxe3 39. Nxe3 Re8 40. Rf3 Nf5
41. Kf2 c4 42. Ng4 Bd1 43. Ne5+ Rxe5 44. fxe5 Bxf3 45. Bxf3 c3 46. Ke1 Kxg5 47.
Bxb7 Nd4 48. Bc8 0-1

[Event "2014 AB Seniors Over 50"]
[Site "Calgary"]
[Date "2014.06.15"]
[Round "5"]
[White "Sklenka, Steve"]
[Black "Scholz, Mike"]
[Result "0-1"]
[WhiteElo "1452"]
[BlackElo "1377"]
[PlyCount "105"]
[EventDate "2014.06.14"]
[EventType "swiss"]
[EventRounds "5"]
[EventCountry "CAN"]

1. d4 d5 2. c4 Nf6 3. Nc3 e6 4. Bg5 Be7 5. Nf3 O-O 6. e3 c6 7. Bd3 dxc4 8. Bxc4
Nbd7 9. O-O Ng4 10. Bxe7 Qxe7 11. Qc2 Ngf6 12. Bd3 e5 13. Ne4 g6 14. Rfe1 Nd5
15. a3 f5 16. Ned2 e4 17. Nxe4 fxe4 18. Bxe4 N7f6 19. Bd3 Kg7 20. Ne5 Qe8 21.
b4 Ng4 22. Nf3 Nh6 23. Ne5 Nf6 24. h3 Bd7 25. Qc5 b6 26. Qd6 Bf5 27. Bc4 Rc8
28. Ba6 Qd8 29. Qxd8 Rcxd8 30. Nxc6 Rd6 31. Ne5 Nf7 32. Nf3 Be4 33. Be2 Bxf3
34. Bxf3 Rc8 35. Rac1 Rxc1 36. Rxc1 Rd7 37. Kf1 Nd6 38. Be2 Re7 39. Bd3 Nf5 40.
Ke2 Nxd4+ 41. Kd1 Ne6 42. Bc4 Nc7 43. Ke2 Nce8 44. Bb5 Nd6 45. Bd3 Nde4 46. g4
Nd6 47. f3 Nd5 48. e4 Nf4+ 49. Kd2 Nxd3 50. Kxd3 Kf6 51. Rc6 Ke6 52. Kd4 Kd7
53. Rc3 0-1

[Event "2014 AB Seniors Over 65"]
[Site "Calgary"]
[Date "2014.06.14"]
[Round "1"]
[White "Kluytmans, Frank"]
[Black "Wood, Deweese"]
[Result "1-0"]
[WhiteElo "1695"]
[BlackElo "1072"]
[PlyCount "63"]
[EventDate "2014.06.15"]
[EventType "tourn"]
[EventRounds "4"]
[EventCountry "CAN"]

1. e4 b6 2. d4 Bb7 3. Nc3 Nc6 4. f4 e6 5. Nf3 Bb4 6. Bd3 Nge7 7. O-O a6 8. a3
Bxc3 9. bxc3 d6 10. a4 a5 11. Ba3 O-O 12. g4 Ng6 13. Qd2 Nh4 14. Nxh4 Qxh4 15.
Qg2 Ne7 16. Rf3 Ng6 17. f5 b5 18. fxg6 fxg6 19. Raf1 Qe7 20. Qf2 c5 21. Rxf8+
Rxf8 22. Qxf8+ Qxf8 23. Rxf8+ Kxf8 24. dxc5 Kf7 25. cxd6 b4 26. cxb4 Bc6 27. b5
Bd7 28. c4 e5 29. c5 Ke8 30. c6 Bxg4 31. b6 Kd8 32. b7 1-0

[Event "2014 AB Seniors Over 65"]
[Site "Calgary"]
[Date "2014.06.14"]
[Round "1"]
[White "Stacey, George"]
[Black "Pivovarov, Ivan"]
[Result "0-1"]
[WhiteElo "950"]
[BlackElo "1606"]
[PlyCount "50"]
[EventDate "2014.06.15"]
[EventType "tourn"]
[EventRounds "4"]
[EventCountry "CAN"]

1. d4 Nf6 2. Bf4 d5 3. e3 Nbd7 4. Bd3 c5 5. c3 a6 6. Nd2 e6 7. Ngf3 Nb6 8. O-O
Be7 9. Re1 Bd7 10. Ne5 Bb5 11. c4 dxc4 12. Ndxc4 Nxc4 13. Bxc4 Bxc4 14. Nxc4
Nd5 15. Bg3 O-O 16. a3 Rc8 17. Rc1 b5 18. Ne5 f6 19. Nf3 c4 20. e4 Nb6 21. Re2
a5 22. Rec2 b4 23. axb4 axb4 24. e5 f5 25. Ng5 Bxg5 0-1

[Event "2014 AB Seniors Over 65"]
[Site "Calgary"]
[Date "2014.06.14"]
[Round "2"]
[White "Pivovarov, Ivan"]
[Black "Le Bigot, John M"]
[Result "1-0"]
[WhiteElo "1606"]
[BlackElo "1536"]
[PlyCount "79"]
[EventDate "2014.06.15"]
[EventType "tourn"]
[EventRounds "4"]
[EventCountry "CAN"]

1. e4 c5 2. Nf3 d6 3. d4 cxd4 4. Nxd4 e5 5. Nb3 Nf6 6. Nc3 Nc6 7. Bg5 Be7 8.
Qd2 Be6 9. O-O-O Rc8 10. Bxf6 Bxf6 11. Qxd6 Qxd6 12. Rxd6 O-O 13. Rd1 a6 14. h4
b5 15. Nc5 Nb8 16. Nxe6 fxe6 17. Be2 Nc6 18. Bg4 Nd4 19. Rxd4 exd4 20. Bxe6+
Kh8 21. Bxc8 Rxc8 22. Nd5 Be5 23. f4 Bd6 24. e5 Bc5 25. b4 Bf8 26. e6 Bd6 27.
g3 Re8 28. Re1 Kg8 29. g4 Kf8 30. f5 Bg3 31. Rh1 Rc8 32. Kd2 Rc4 33. Rh3 Be5
34. g5 Rc6 35. Rf3 Rd6 36. Nf4 Ke7 37. Nd3 Bh2 38. Nc5 Bg1 39. f6+ gxf6 40.
gxf6+ 1-0

[Event "2014 AB Seniors Over 65"]
[Site "Calgary"]
[Date "2014.06.14"]
[Round "2"]
[White "Willis, Bradley"]
[Black "Kluytmans, Frank"]
[Result "1-0"]
[WhiteElo "2035"]
[BlackElo "1695"]
[PlyCount "43"]
[EventDate "2014.06.15"]
[EventType "tourn"]
[EventRounds "4"]
[EventCountry "CAN"]

1. e4 c5 2. d4 cxd4 3. c3 d3 4. Bxd3 Nc6 5. c4 g6 6. Nc3 Bg7 7. Be3 a6 8. Rc1
e6 9. f4 d6 10. Nf3 Nge7 11. Bb1 O-O 12. O-O Qc7 13. Qe1 Bd7 14. g4 f5 15. gxf5
exf5 16. Nd5 Qd8 17. Nb6 Rb8 18. Nxd7 Qxd7 19. Qd2 fxe4 20. Bxe4 Qg4+ 21. Kh1
Qe6 22. Bd5 1-0

[Event "2014 AB Seniors Over 65"]
[Site "Calgary"]
[Date "2014.06.14"]
[Round "2"]
[White "Wood, Deweese"]
[Black "Stacey, George"]
[Result "0-1"]
[WhiteElo "1072"]
[BlackElo "950"]
[PlyCount "92"]
[EventDate "2014.06.15"]
[EventType "tourn"]
[EventRounds "4"]
[EventCountry "CAN"]

1. c4 b6 2. Nf3 Bb7 3. Nc3 Nf6 4. d4 d5 5. e3 e6 6. b3 Nbd7 7. a3 Be7 8. Bd3 c6
9. O-O Qc7 10. Ne5 Nxe5 11. dxe5 Qxe5 12. f4 Qxc3 13. Ra2 b5 14. Bb2 Qa5 15. b4
Qd8 16. c5 O-O 17. Be2 a5 18. Qd2 a4 19. Qd4 Ne8 20. f5 Bf6 21. Qg4 Bxb2 22.
Rxb2 Bc8 23. Bd3 Nf6 24. Qh3 e5 25. Re2 e4 26. Bb1 Ra7 27. Rf4 Re7 28. g4 Re5
29. g5 Ne8 30. Ref2 Qxg5+ 31. Rg2 Qf6 32. Bc2 Bxf5 33. Qh4 Qxh4 34. Rxh4 Bg6
35. Bd1 Nf6 36. Be2 Bh5 37. Rf4 Kh8 38. Rxf6 gxf6 39. Bxh5 Rxh5 40. Rf2 Rg8+
41. Kf1 f5 42. Ke2 Rhg5 43. Kd2 Rg2 44. Ke2 Rxf2+ 45. Kxf2 h5 46. h3 h4 0-1

[Event "2014 AB Seniors Over 65"]
[Site "Calgary"]
[Date "2014.06.15"]
[Round "3"]
[White "Kluytmans, Frank"]
[Black "Stacey, George"]
[Result "1-0"]
[WhiteElo "1695"]
[BlackElo "950"]
[PlyCount "59"]
[EventDate "2014.06.15"]
[EventType "tourn"]
[EventRounds "4"]
[EventCountry "CAN"]

1. e4 d5 2. exd5 Qxd5 3. Nc3 Qd8 4. d4 Nf6 5. Bc4 Bf5 6. Nf3 e6 7. O-O c6 8. h3
Bd6 9. Bg5 h6 10. Bd2 Nbd7 11. Bb3 O-O 12. Qe2 Re8 13. g4 Bh7 14. Rad1 Nd5 15.
Ne5 f6 16. Nd3 g5 17. Ne4 Bc7 18. c4 f5 19. Nec5 Nxc5 20. Nxc5 Nf4 21. Bxf4
Bxf4 22. Nxe6 Qd7 23. c5 Kh8 24. Rfe1 Bg8 25. gxf5 Re7 26. Qh5 Rae8 27. Qxh6+
Rh7 28. Qf6+ Rg7 29. Nxg7 Rxe1+ 30. Rxe1 1-0

[Event "2014 AB Seniors Over 65"]
[Site "Calgary"]
[Date "2014.06.15"]
[Round "3"]
[White "Le Bigot, John M"]
[Black "Wood, Deweese"]
[Result "1-0"]
[WhiteElo "1536"]
[BlackElo "1072"]
[PlyCount "67"]
[EventDate "2014.06.15"]
[EventType "tourn"]
[EventRounds "4"]
[EventCountry "CAN"]

1. d4 d5 2. c4 Be6 3. Nc3 a6 4. Nf3 Nf6 5. Bg5 Nbd7 6. e3 c6 7. c5 Bg4 8. Be2
Ne4 9. Nxe4 dxe4 10. Nd2 Bf5 11. Bg4 Bxg4 12. Qxg4 Nf6 13. Bxf6 exf6 14. Qxe4+
Qe7 15. O-O Qxe4 16. Nxe4 g6 17. Nxf6+ Ke7 18. Ne4 Bg7 19. Rad1 Rad8 20. a4 Rd5
21. b4 h6 22. Nd6 Rb8 23. a5 f5 24. Rd3 Kf6 25. Rfd1 Ke7 26. f3 Bf6 27. e4 fxe4
28. fxe4 Rg5 29. e5 Bg7 30. Rf1 Rf8 31. Rxf8 Bxf8 32. Rf3 Rf5 33. Nxf5+ gxf5
34. Rxf5 1-0

[Event "2014 AB Seniors Over 65"]
[Site "Calgary"]
[Date "2014.06.15"]
[Round "3"]
[White "Pivovarov, Ivan"]
[Black "Willis, Bradley"]
[Result "0-1"]
[WhiteElo "1606"]
[BlackElo "2035"]
[PlyCount "48"]
[EventDate "2014.06.15"]
[EventType "tourn"]
[EventRounds "4"]
[EventCountry "CAN"]

1. e4 e5 2. Nf3 Nc6 3. Nc3 Nf6 4. Bb5 d6 5. Bxc6+ bxc6 6. h3 Be7 7. O-O O-O 8.
d4 exd4 9. Nxd4 Bd7 10. Re1 Re8 11. Be3 Bf8 12. Bg5 h6 13. Bh4 c5 14. Nb3 Bc6
15. Nd2 Be7 16. Bg3 Nd7 17. e5 Nxe5 18. Bxe5 dxe5 19. Rxe5 Bd6 20. Re1 Qg5 21.
Nde4 Qg6 22. Qf3 f5 23. Nf6+ Qxf6 24. Rxe8+ Rxe8 0-1

[Event "2014 AB Seniors Over 65"]
[Site "Calgary"]
[Date "2014.06.15"]
[Round "4"]
[White "Le Bigot, John M"]
[Black "Kluytmans, Frank"]
[Result "0-1"]
[WhiteElo "1536"]
[BlackElo "1695"]
[PlyCount "72"]
[EventDate "2014.06.15"]
[EventType "tourn"]
[EventRounds "4"]
[EventCountry "CAN"]

1. d4 Nf6 2. c4 c5 3. d5 e6 4. Nc3 exd5 5. cxd5 d6 6. e4 g6 7. Bd3 Bg7 8. Nge2
O-O 9. O-O Na6 10. a3 Nc7 11. Bg5 h6 12. Bh4 g5 13. Bg3 Nh5 14. Qd2 a6 15. f4
Nxg3 16. Nxg3 g4 17. Rae1 b5 18. Nh5 Bd4+ 19. Kh1 Qh4 20. Ng3 Re8 21. f5 Bd7
22. Nce2 Be5 23. Nf4 Qg5 24. Ngh5 Rab8 25. Re2 b4 26. axb4 Rxb4 27. Qc1 Reb8
28. Rff2 Bd4 29. Rf1 Bxb2 30. Qd2 Be5 31. Ree1 a5 32. f6 a4 33. Ng7 Bxf6 34.
Nf5 Bxf5 35. exf5 a3 36. Rb1 Nxd5 0-1

[Event "2014 AB Seniors Over 65"]
[Site "Calgary"]
[Date "2014.06.15"]
[Round "4"]
[White "Stacey, George"]
[Black "Willis, Bradley"]
[Result "0-1"]
[WhiteElo "950"]
[BlackElo "2035"]
[PlyCount "52"]
[EventDate "2014.06.15"]
[EventType "tourn"]
[EventRounds "4"]
[EventCountry "CAN"]

1. d4 f5 2. Bf4 Nf6 3. e3 e6 4. Nd2 b6 5. Bd3 Bb7 6. Ngf3 Be7 7. O-O O-O 8. c3
Ne4 9. Qc2 g5 10. Bg3 Nxg3 11. hxg3 Qe8 12. g4 Qg6 13. Ne5 Qf6 14. f4 d6 15.
Nef3 h6 16. gxf5 exf5 17. g3 Nd7 18. Rf2 Rf7 19. Re1 Nf8 20. e4 gxf4 21. gxf4
Rg7+ 22. Rg2 Rxg2+ 23. Kxg2 Ng6 24. Kg3 Nxf4 25. e5 Qg6+ 26. Kxf4 Bg5+ 0-1

[Event "2014 AB Seniors Over 65"]
[Site "Calgary"]
[Date "2014.06.15"]
[Round "4"]
[White "Wood, Deweese"]
[Black "Pivovarov, Ivan"]
[Result "0-1"]
[WhiteElo "1072"]
[BlackElo "1606"]
[PlyCount "78"]
[EventDate "2014.06.15"]
[EventType "tourn"]
[EventRounds "4"]
[EventCountry "CAN"]

1. Nf3 Nf6 2. d4 d5 3. e3 a6 4. a4 Nbd7 5. Bd3 c5 6. O-O e6 7. c3 Bd6 8. Re1
O-O 9. Kh1 e5 10. e4 Re8 11. Bg5 Qc7 12. dxe5 Bxe5 13. Nxe5 Rxe5 14. Bxf6 Nxf6
15. g3 dxe4 16. Bf1 Bg4 17. Qc2 Rd8 18. Bg2 Qe7 19. Na3 Bf5 20. Qb3 Be6 21. Qc2
Bd5 22. c4 Bc6 23. b3 g6 24. h3 Ne8 25. Kh2 f5 26. Qc3 Rd3 27. Qa5 Rxb3 28. Nc2
Rd3 29. Ne3 Qc7 30. Qxc7 Nxc7 31. g4 f4 32. Nf1 Ne6 33. f3 e3 34. Ra2 Nd4 35.
h4 Bxf3 36. Kh3 Bxg2+ 37. Kxg2 f3+ 38. Kh3 f2 39. Rxf2 exf2+ 0-1

[Event "9th Edmonton International"]
[Site "Edmonton"]
[Date "2014.06.21"]
[Round "1.5"]
[White "Haessel, Dale"]
[Black "Pechenkin, Vladimir"]
[Result "0-1"]
[WhiteElo "2168"]
[BlackElo "2311"]
[PlyCount "84"]
[EventDate "2014.06.21"]
[EventType "tourn"]
[EventRounds "9"]
[EventCountry "CAN"]
[EventCategory "10"]

1. Nf3 e6 2. c4 f5 3. d4 Nf6 4. Nc3 Bb4 5. Qb3 c5 6. g3 Nc6 7. a3 Ba5 8. Be3
Ng4 9. Bg5 Nxd4 10. Nxd4 Qxg5 11. Ndb5 O-O 12. e3 Qe7 13. Rd1 d5 14. cxd5 a6
15. d6 Qd7 16. Bc4 Ne5 17. Nc7 Bxc7 18. dxc7 Qc6 19. Kd2 Nxc4+ 20. Qxc4 Qxc7
21. b4 b5 22. Qxc5 Qxc5 23. bxc5 Bb7 24. Rhe1 Rac8 25. Ne2 Rfd8+ 26. Kc3 Rxd1
27. Rxd1 Bf3 28. Rd2 Rxc5+ 29. Kb2 Bxe2 30. Rxe2 Kf7 31. Rd2 Ke7 32. Kb3 Rc4
33. h4 g6 34. Rd3 h6 35. Rd2 g5 36. hxg5 hxg5 37. Rd1 g4 38. Kb2 Kf6 39. Rd6
Ra4 40. Kb3 Ke5 41. Rb6 Kd5 42. Kb2 Ke4 0-1

[Event "9th Edmonton International"]
[Site "Edmonton"]
[Date "2014.06.25"]
[Round "5.3"]
[White "Wang, Richard"]
[Black "Kovalyov, Anton"]
[Result "0-1"]
[WhiteElo "2365"]
[BlackElo "2636"]
[PlyCount "132"]
[EventDate "2014.06.21"]
[EventType "tourn"]
[EventRounds "9"]
[EventCountry "CAN"]
[EventCategory "10"]

1. d4 Nf6 2. Nf3 b6 3. Bg5 e6 4. e4 h6 5. Bxf6 Qxf6 6. Nc3 Bb7 7. Bd3 d6 8. Qe2
a6 9. O-O Nd7 10. a4 g6 11. Qe3 Bg7 12. Rfe1 Qd8 13. Ne2 O-O 14. c3 e5 15. dxe5
dxe5 16. Ng3 Qe7 17. h4 Nc5 18. Bc4 Kh8 19. h5 a5 20. Bd5 c6 21. Bc4 Bc8 22.
Nd2 f5 23. exf5 gxf5 24. f4 Qh4 25. Rf1 Bd7 26. Nb3 Nxb3 27. Bxb3 Rae8 28. Rad1
Bc8 29. Rd6 Ba6 30. Rf3 exf4 31. Qxf4 Re1+ 32. Nf1 Qxf4 33. Rxf4 Rb1 34. Bc2
Rc1 35. Bb3 Rb1 36. Bc2 Rc1 37. Bb3 Re8 38. Rxf5 Rf8 39. Rxf8+ Bxf8 40. Rf6
Bc5+ 41. Kh2 Rxf1 42. Rxh6+ Kg7 43. Rg6+ Kh7 44. Bc2 Rf2 45. Be4 Kh8 46. Rh6+
Kg7 47. Rg6+ Kf7 48. Rxc6 Rf4 49. Bd5+ Kf8 50. Kg3 Rxa4 51. h6 Bd3 52. Rf6+ Ke7
53. Rf7+ Kd6 54. h7 Bxh7 55. Bb3 Bg8 56. Rf6+ Ke5 57. Rxb6 Bxb3 58. Rxb3 Kd5
59. Rb7 Kc6 60. Rf7 Ra2 61. b4 Bd6+ 62. Kf3 a4 63. Ra7 Kb5 64. g4 Ra3 65. Ra5+
Kc4 66. Ke4 Kxc3 0-1

[Event "9th Edmonton International Section B"]
[Site "Edmonton"]
[Date "2014.06.21"]
[Round "1"]
[White "Gardner, Robert"]
[Black "Sequillion, Aaron"]
[Result "1-0"]
[WhiteElo "2295"]
[BlackElo "2214"]
[PlyCount "79"]
[EventDate "2014.06.21"]
[EventType "tourn"]
[EventRounds "5"]
[EventCountry "CAN"]

1. d4 Nf6 2. c4 c5 3. d5 e6 4. Nc3 exd5 5. cxd5 Bd6 6. e4 O-O 7. Bd3 Re8 8.
Nge2 Bc7 9. O-O a6 10. a4 d6 11. Bg5 Nbd7 12. f4 Nf8 13. e5 dxe5 14. Ne4 Ng6
15. f5 Nf4 16. Nxf4 exf4 17. Bxf6 gxf6 18. Qh5 Be5 19. Rf3 Qxd5 20. Rh3 Bd4+
21. Nf2 Re3 22. Qxh7+ Kf8 23. Kh1 Rxh3 24. Nxh3 f3 25. Nf4 fxg2+ 26. Nxg2 Bxb2
27. Re1 Be5 28. Be4 Qd2 29. Qh5 Qg5 30. Qh8+ Ke7 31. Ne3 Rb8 32. Nd5+ Kd7 33.
Qf8 Bd6 34. Qxf7+ Kd8 35. Rg1 Qxg1+ 36. Kxg1 b5 37. Qxf6+ Kd7 38. Qe6+ Kc6 39.
Nf6+ Kc7 40. Ne8+ 1-0

[Event "9th Edmonton International Section B"]
[Site "Edmonton"]
[Date "2014.06.21"]
[Round "1"]
[White "Salehian, Mohammad"]
[Black "Miller, David"]
[Result "0-1"]
[WhiteElo "1859"]
[BlackElo "2208"]
[PlyCount "112"]
[EventDate "2014.06.21"]
[EventType "tourn"]
[EventRounds "5"]
[EventCountry "CAN"]

1. d4 Nf6 2. Nf3 d6 3. c4 g6 4. Nc3 Bg7 5. e4 O-O 6. Be2 e5 7. Be3 c6 8. O-O
Ng4 9. Bg5 f6 10. Bh4 h5 11. h3 Nh6 12. d5 c5 13. Ne1 Nf7 14. Bg3 Na6 15. Nd3
Bh6 16. a3 f5 17. f4 fxe4 18. Nxe4 Bf5 19. Bf3 exf4 20. Bxf4 g5 21. Nxg5 Nxg5
22. Bxh5 Qf6 23. Bh2 Qd4+ 24. Nf2 Qxd1 25. Raxd1 Rad8 26. Ng4 Bg7 27. Kh1 Kh7
28. Bf4 Ne4 29. Kh2 Bg6 30. Bxg6+ Kxg6 31. Rde1 Rfe8 32. Re2 Nf6 33. Rxe8 Nxe8
34. Rf2 Nf6 35. Nxf6 Bxf6 36. Re2 Nc7 37. g3 Re8 38. Rc2 Be5 39. Bd2 b5 40. Ba5
Re7 41. Bxc7 Rxc7 42. cxb5 Kf5 43. Re2 Rg7 44. Re3 Bxb2 45. g4+ Kf4 46. Re6 Be5
47. Kg2 Ke3 48. Re8 c4 49. Rc8 c3 50. a4 Kd2 51. a5 c2 52. b6 axb6 53. axb6
c1=Q 54. Rxc1 Kxc1 55. b7 Rxb7 56. g5 Rb3 0-1

[Event "9th Edmonton International Section B"]
[Site "Edmonton"]
[Date "2014.06.21"]
[Round "1"]
[White "Zeggelaar, Mike"]
[Black "Tran-Ly, Tristan"]
[Result "1/2-1/2"]
[WhiteElo "2011"]
[BlackElo "1945"]
[PlyCount "43"]
[EventDate "2014.06.21"]
[EventType "tourn"]
[EventRounds "5"]
[EventCountry "CAN"]

1. e4 c6 2. d4 d5 3. exd5 cxd5 4. c4 Nf6 5. Nf3 Nc6 6. Nc3 Bg4 7. cxd5 Nxd5 8.
Bc4 e6 9. O-O Bxf3 10. Qxf3 Nxd4 11. Qe4 Nxc3 12. bxc3 Nc6 13. Bf4 Be7 14. Rfd1
Qc8 15. Rab1 O-O 16. Rb5 g6 17. Bh6 a6 18. Rb6 Rd8 19. Rdb1 Rb8 20. h4 Bc5 21.
Qf4 Bd6 22. Qe4 1/2-1/2

[Event "9th Edmonton International Section B"]
[Site "Edmonton"]
[Date "2014.06.22"]
[Round "2"]
[White "Gardner, Robert"]
[Black "Salehian, Mohammad"]
[Result "1-0"]
[WhiteElo "2295"]
[BlackElo "1859"]
[PlyCount "93"]
[EventDate "2014.06.21"]
[EventType "tourn"]
[EventRounds "5"]
[EventCountry "CAN"]

1. d4 Nf6 2. c4 e6 3. Nc3 d5 4. cxd5 exd5 5. Bg5 Be7 6. e3 O-O 7. Bd3 h6 8. Bh4
Re8 9. Qc2 Nc6 10. a3 Ne4 11. Bxe7 Rxe7 12. Nxe4 dxe4 13. Bxe4 Qe8 14. Bxc6
Qxc6 15. Qxc6 bxc6 16. O-O-O Bf5 17. Ne2 a5 18. Nc3 Bg4 19. Rd2 Be6 20. Re1 Bb3
21. e4 Rd8 22. Re3 Red7 23. Ne2 Rb8 24. Rc3 Rb6 25. Rc5 a4 26. Ra5 f6 27. Nc3
Re7 28. f3 Kf7 29. Nxa4 Rb5 30. Rxb5 cxb5 31. Nc5 Be6 32. Nxe6 Kxe6 33. Rc2 Kd6
34. Kd2 Re8 35. d5 Kd7 36. Rc5 Rb8 37. Kc3 b4+ 38. axb4 Rb7 39. Ra5 g5 40. Ra8
h5 41. g3 Kd6 42. Rh8 Ke5 43. Rxh5 Rb6 44. h4 c6 45. hxg5 cxd5 46. gxf6+ Kxf6
47. Rh6+ 1-0

[Event "9th Edmonton International Section B"]
[Site "Edmonton"]
[Date "2014.06.22"]
[Round "2"]
[White "Miller, David"]
[Black "Zeggelaar, Mike"]
[Result "1-0"]
[WhiteElo "2208"]
[BlackElo "2011"]
[PlyCount "49"]
[EventDate "2014.06.21"]
[EventType "tourn"]
[EventRounds "5"]
[EventCountry "CAN"]

1. e4 c5 2. Nf3 h6 3. c3 Nf6 4. e5 Nd5 5. d4 cxd4 6. cxd4 e6 7. Nc3 Nxc3 8.
bxc3 d6 9. Bd3 Nc6 10. exd6 Bxd6 11. O-O Bd7 12. Re1 Qc7 13. c4 O-O-O 14. Bb2
Nb4 15. Be2 g5 16. a3 Nc6 17. d5 Ne5 18. c5 Nxf3+ 19. Bxf3 Bxh2+ 20. Kh1 exd5
21. Bxh8 Rxh8 22. g3 h5 23. Qd4 Rh7 24. Qe5 Bxg3 25. fxg3 1-0